| 000 | 00798nam a2200301Ia 4500 | ||
|---|---|---|---|
| 001 | 7803 | ||
| 005 | 20240113234035.0 | ||
| 007 | ta | ||
| 008 | 050712s1995 g b000 u eng u | ||
| 020 |
_a81-7154-154-2 _cRs. 495.00 |
||
| 040 | _aCotton College,Assam | ||
| 041 | _aeng | ||
| 082 |
_a301.954 _bDe 45 Ru |
||
| 100 | _aDesai, A.R. . | ||
| 245 | 0 |
_aRural Sociology In India / _cA.R. Desai. _hTextual Documents |
|
| 250 | _a5th ed. / | ||
| 260 |
_aBombay : _bPopular Prakashan , _c1995. |
||
| 300 |
_axx, 968p. ; _c24cm. |
||
| 365 | _aRs. 495.00 | ||
| 504 | _aBib. | ||
| 653 | _aPolitical Science | ||
| 653 | _aRural Ssociology- India | ||
| 653 | _aPG-Political Science | ||
| 942 |
_2ddc _cBK |
||
| 999 |
_c7790 _d7790 |
||